000 00559nam a2200205 a 4500
001 14405
005 20180713202905.0
008 140415s1995 000 0 spa d
020 _a9701006712
041 _aspa
082 _a658.3
_bWER
100 1 _aWERTHER, WILLIAM B.
245 1 0 _aADMINISTRACION DE PERSONAL Y RECURSOS HUMANOS
250 _a4a ed.
260 _a[s.l.] :
_bMC GRAW-HILL,
_c1995
300 _a486
650 1 4 _aADMINISTRACION DE PERSONAL
700 1 _aMEJIA GOMEZ, JOAQUIN
_etr.
700 1 _aDAVIS, KEITH
_ecoaut.
999 _c14405
_d14405